Normal view
MARC view
Entry Uniform Title
001 - CONTROL NUMBER
- control field: 7747
003 - CONTROL NUMBER IDENTIFIER
- control field: ARRUPE
005 - DATE AND TIME OF LATEST TRANSACTION
- control field: 20140203135434.0
008 - FIXED-LENGTH DATA ELEMENTS
- fixed length control field: 140203|| aca||aabn | a|a d
040 ## - CATALOGING SOURCE
- Original cataloging agency: ARRUPE
- Transcribing agency: ARRUPE
130 ## - HEADING--UNIFORM TITLE
- Uniform title: Bible
- General subdivision: Language, style.
670 ## - SOURCE DATA FOUND
- Source citation: Work cat.: (ARRUPE)0: Caird, G. B. (George Bradford), 1917- 7746, The language and imagery of the Bible /, 1980.